Аксиологические пределы моделирования образовательных систем; Высшее образование в России; № 9
| Parent link: | Высшее образование в России: научно-педагогический журнал № 9.— 2008.— [С. 99-102] |
|---|---|
| Yazar: | |
| Özet: | Заглавие с экрана Режим доступа: по договору с организацией-держателем ресурса |
| Dil: | Rusça |
| Baskı/Yayın Bilgisi: |
2008
|
| Konular: | |
| Online Erişim: | http://elibrary.ru/item.asp?id=11532118 |
| Materyal Türü: | MixedMaterials Elektronik Kitap Bölümü |
| KOHA link: | https://koha.lib.tpu.ru/cgi-bin/koha/opac-detail.pl?biblionumber=638512 |
MARC
| LEADER | 00000naa0a2200000 4500 | ||
|---|---|---|---|
| 001 | 638512 | ||
| 005 | 20250204140655.0 | ||
| 035 | |a (RuTPU)RU\TPU\network\2876 | ||
| 090 | |a 638512 | ||
| 100 | |a 20150128d2008 k||y0rusy50 ca | ||
| 101 | 0 | |a rus | |
| 102 | |a RU | ||
| 135 | |a drcn ---uucaa | ||
| 181 | 0 | |a i | |
| 182 | 0 | |a b | |
| 200 | 1 | |a Аксиологические пределы моделирования образовательных систем |f Е. Н. Роготнева | |
| 203 | |a Текст |c электронный | ||
| 300 | |a Заглавие с экрана | ||
| 320 | |a [Библиогр.: с. 102 (10 назв.)] | ||
| 333 | |a Режим доступа: по договору с организацией-держателем ресурса | ||
| 461 | |t Высшее образование в России |o научно-педагогический журнал | ||
| 463 | |t № 9 |v [С. 99-102] |d 2008 | ||
| 610 | 1 | |a электронный ресурс | |
| 610 | 1 | |a труды учёных ТПУ | |
| 610 | 1 | |a образовательные системы | |
| 610 | 1 | |a моделирование | |
| 700 | 1 | |a Роготнева |b Е. Н. |c социолог |c доцент Томского политехнического университета, кандидат философских наук |f 1976- |g Елена Николаевна |3 (RuTPU)RU\TPU\pers\26989 |9 12580 | |
| 801 | 2 | |a RU |b 63413507 |c 20150128 |g RCR | |
| 856 | 4 | |u http://elibrary.ru/item.asp?id=11532118 | |
| 942 | |c CF | ||